Clinical Nursing Procedures (Record no. 1780)

MARC details
000 -LEADER
Fixed length control field 00747nam a2200253Ia 4500
003 - CONTROL NUMBER IDENTIFIER
Control field IIN
005 - DATE AND TIME OF LATEST TRANSACTION
Control field 20250430123836.0
008 - FIXED-LENGTH DATA ELEMENTS--GENERAL INFORMATION
Fixed length control field 250430s2024 xx ad 001 0 eng d
020 ## - INTERNATIONAL STANDARD BOOK NUMBER / ISBN
Price Rs.1795.00
International Standard Book Number 9789356961845
040 ## - CATALOGING SOURCE
Original cataloging agency IIN
Language of cataloging English
082 ## - DEWEY DECIMAL CLASSIFICATION NUMBER
Classification number 610.73
Book Number JAC
100 1# - MAIN ENTRY--PERSONAL NAME
Personal name Jacob, Annamma
245 1# - TITLE STATEMENT
Title Clinical Nursing Procedures
Sub title the art of nursing practice/
Statement of responsibility Annamma Jacob, Rekha R. & Jadhav Sonali Tarachand
250 ## - EDITION STATEMENT
Edition statement 5th ed
260 ## - IMPRINT
Name of publisher Jaypee
Place of publication New Delhi
Date of publication 2024
300 ## - PHYSICAL DESCRIPTION
Page / Vol. No xv, 939p.
Other physical details col. ill.
500 ## - GENERAL NOTE
General note Includes Index
650 1# - SUBJECT ADDED ENTRY--TOPICAL TERM
Topical term Foundation
Form subdivision Nursing
650 1# - SUBJECT ADDED ENTRY--TOPICAL TERM
Topical term Fundamentals
Form subdivision Nursing
650 1# - SUBJECT ADDED ENTRY--TOPICAL TERM
Topical term Procedures
Form subdivision Nursing
700 1# - ADDED ENTRY--PERSONAL NAME
Personal name Rekha, R.
700 1# - ADDED ENTRY--PERSONAL NAME
Personal name Tarachand, Jadhav Sonali
942 ## - ADDED ENTRY ELEMENTS (KOHA)
Koha item type Books
Holdings
Withdrawn status Lost status Source of classification Damaged status Not for loan Collection code Home library Current library Shelving location Date acquired Price Total Checkouts Call number Accession number Date last seen Price effective from Koha item type
    Dewey Decimal Classification     Purches Book IDEAL INSTITUTE OF NURSING IDEAL INSTITUTE OF NURSING General Stacks 11/03/2025 1795.00   610.73 JAC 1955 30/04/2025 30/04/2025 Books
© Ideal Institute Of Nursing, All rights reserved.         Powered by Koha